[Event "Match"]
[Site "www.echecsemail.com"]
[Date "2017.10.15"]
[Round "1"]
[White "Dussek"]
[Black "Lcbunghai"]
[WhiteElo "1830"]
[BlackElo "1799"]
[Result "0-1"]
[Round "1"]
1.d4 d5
2.Ng1f3 Ng8f6
3.e3 e6
4.Nb1d2 Bf8e7
5.Bf1d3 O-O
6.O-O c5
7.c3 c4
8.Bd3c2 Nb8c6
9.b3 b5
10.b4 a5
11.Bc1b2 a4
12.a3 Bc8b7
13.Rf1e1 Qd8c7
14.Nd2f1 e5
15.Bb2c1 e4
16.Nf3d2 Bb7c8
17.Nf1g3 Bc8g4
18.f3 exf3
19.Nd2xf3 Be7d6
20.Re1f1 Rf8e8
21.Ng3f5 Bd6xh2
22.Kh1 Bh2g3
23.Bc1d2 Nf6e4
24.Bd2e1 Bg4xf5
25.Bc2xe4 Bf5xe4
26.Rf1g1 Re8e6
27.Nf3h4 Re6h6
28.Qd1g4 Rh6xh4
{ resign }
0-1

[Event "Match"]
[Site "www.echecsemail.com"]
[Date "2017.10.15"]
[Round "1"]
[White "Geodad5"]
[Black "Cjood"]
[WhiteElo "2090"]
[BlackElo "1940"]
[Result "1-0"]
[Round "1"]
1.e4 g6
2.d4 b6
3.Ng1f3 Bc8b7
4.Bf1d3 Bf8g7
5.Bc1e3 e6
6.O-O d6
7.Nb1d2 c5
8.c3 cxd4
9.cxd4 Ng8e7
10.Ra1c1 Nb8c6
11.a3 e5
12.d5 Nc6b8
13.b4  { time }
1-0

[Event "Match"]
[Site "www.echecsemail.com"]
[Date "2017.10.15"]
[Round "1"]
[White "Passaroa25"]
[Black "Cjood"]
[WhiteElo "1720"]
[BlackElo "1940"]
[Result "1-0"]
[Round "1"]
1.e4 e5
2.Ng1e2 b6
3.Ne2g3 g6
4.c3 Bf8c5
5.Qd1e2 Bc8b7
6.f3 d6
7.d3 Nb8d7
8.Bc1e3 Bc5xe3
9.Qe2xe3 h5
10.h4 Ng8f6
11.Qe3g5  { time }
1-0

[Event "Match"]
[Site "www.echecsemail.com"]
[Date "2017.10.15"]
[Round "1"]
[White "Add"]
[Black "Joseph1983"]
[WhiteElo "2230"]
[BlackElo "2250"]
[Result "1/2-1/2"]
[Round "1"]
1.c4 e6
2.Nb1c3 d5
3.cxd5 exd5
4.d4 Ng8f6
5.h3 Bc8f5
6.Ng1f3 c6
7.a3 Bf8d6
8.Bc1g5 Nb8d7
9.e3 Qd8c7
10.Bg5xf6 Nd7xf6
11.Bf1d3 Bf5xd3
12.Qd1xd3 O-O
13.Qd3c2 Rf8e8
14.Nf3d2 Re8e6
15.O-O Ra8e8
16.b4 a6
17.Nd2b3 Nf6e4
18.Nb3c5 Re6e7
19.Nc3xe4 dxe4
20.Ra1e1 Qc7c8
21.Qc2e2 Qc8f5
22.f4 exf3
23.Rf1xf3 Qf5d5
24.Qe2f2 Bd6xc5
25.bxc5 g6
26.Qf2b2 f5
{ draw }
1/2-1/2

[Event "Match"]
[Site "www.echecsemail.com"]
[Date "2017.10.15"]
[Round "1"]
[White "Cjood"]
[Black "Mitja"]
[WhiteElo "2010"]
[BlackElo "2000"]
[Result "0-1"]
[Round "1"]
1.e4 d5
2.c3 dxe4
3.Qd1a4 c6
4.Qa4xe4 Ng8f6
5.Qe4e2 b6
6.g3 Bc8a6
7.c4 e6
8.Bf1g2 Ba6b7
9.d3 h6
10.Nb1c3 Bf8e7
11.Ng1f3 c5
12.O-O Nb8c6
13.Bc1f4 Nc6d4
14.Nf3xd4 Bb7xg2
15.Kxg2 Qd8xd4
16.Bf4e5 Qd4d7
17.f4 O-O
18.Ra1d1 Ra8d8
19.Nc3e4 Nf6xe4
 { time }
0-1

[Event "Match"]
[Site "www.echecsemail.com"]
[Date "2017.10.15"]
[Round "1"]
[White "Szustan"]
[Black "Chessington"]
[WhiteElo "2550"]
[BlackElo "2390"]
[Result "0-1"]
[Round "1"]
1.e4 e6
2.d4 d5
3.Nb1c3 Bf8b4
4.e5 c5
5.a3 Bb4a5
6.b4 cxd4
7.Qd1g4 Kf8
8.bxa5 dxc3
9.Ng1f3 Ng8e7
10.Bf1d3 Nb8c6
11.O-O Nc6xa5
12.a4 Bc8d7
13.Qg4b4 b6
14.Bc1a3 Na5c6
15.Qb4xc3 Kg8
16.Rf1d1 h5
17.h3 Nc6a5
18.Ba3b4 Ne7c6
19.Bb4d6 Na5b7
20.Bd3a6 Nb7xd6
21.exd6 Qd8f8
22.Qc3a3 Ra8d8
23.c4 Bd7e8
24.a5 Qf8xd6
25.Qa3xd6 Rd8xd6
26.axb6 axb6
27.cxd5 exd5
28.Ba6c4 Rd6d8
29.Rd1xd5 Rd8xd5
30.Bc4xd5 Rh8h6
31.Nf3g5 Kf8
32.Ra1a8 Ke7
33.Ra8a3 Nc6d8
34.Ra3e3 Kf8
35.Bd5b3 Be8b5
36.Re3f3 f6
37.Rf3f4 Bb5d7
38.h4 Ke7
39.Rf4e4 Kd6
40.Re4d4 Kc7
41.Rd4c4 Bd7c6
42.Ng5f3 b5
43.Rc4c2 Kb6
44.Nf3d4 Rh6h8
45.f3 Rh8e8
46.Rc2d2 Nd8b7
47.Bb3f7 Re8e5
48.Nd4c2 Bc6e8
49.Bf7g8 Be8g6
50.Nc2b4 Re5e8
51.Bg8a2 Re8d8
52.Rd2e2 Nb7c5
53.Kf2 Rd8d7
54.Nb4d5 Ka5
55.Nd5f4 Nc5d3
56.Nf4xd3 Bg6xd3
57.Re2d2 Bd3f5
58.Rd2xd7 Bf5xd7
59.Ba2f7 b4
60.f4 Ka4
{ resign }
0-1

[Event "Match"]
[Site "www.echecsemail.com"]
[Date "2017.10.15"]
[Round "1"]
[White "Menace"]
[Black "Markos123"]
[WhiteElo "2330"]
[BlackElo "1810"]
[Result "0-1"]
[Round "1"]
1.d4 d5
2.c4 dxc4
3.Nb1c3 c6
4.e4 e5
5.dxe5 Qd8xd1
6.Nc3xd1 Bc8e6
7.Nd1c3 Bf8b4
8.Ng1f3 Nb8d7
9.Bf1e2 Bb4xc3
10.bxc3 Ng8e7
11.Bc1a3 b5
12.Ba3xe7 Kxe7
13.O-O Nd7c5
14.a3 Nc5a4
15.Rf1c1 h6
16.Nf3d4 Rh8c8
17.Nd4xe6 fxe6
18.h3 Rc8d8
19.Rc1c2 a5
20.f4 Na4c5
21.Be2f3 a4
22.g4 Nc5d3
23.f5 Nd3xe5
24.Kg2 Rd8f8
25.Kg3 Ra8d8
26.Ra1d1 Ne5d3
27.h4 exf5
28.exf5 Kf7
29.Bf3xc6 Rd8b8
30.g5 h5
31.Rc2e2 b4
32.cxb4 Rb8d8
33.Bc6xa4 Rd8d4
34.Ba4b5 Rd4g4
35.Kf3 Rf8d8
36.Bb5xc4 Rg4xc4
37.b5 Rc4c5
38.Ke4 Rc5e5
39.Kf3 Re5xf5
40.Ke3 Rf5e5
41.Kf3 Re5xb5
42.Re2e3 Rb5d5
43.Rd1a1 Rd5d4
44.Kg3 Rd8e8
45.Re3f3 Kg8
46.a4 Re8e4
47.a5 Re4g4
48.Kh3 Rg4xh4
49.Kg2 Rd4g4
50.Kf1 Rh4h1
51.Ke2 Rh1xa1
52.Rf3xd3 Rg4xg5
53.Rd3d8 Kh7
54.Rd8a8 Ra1xa5
55.Ra8xa5 Rg5xa5
56.Kf3 Ra5g5
57.Kf4 Kh6
{ resign }
0-1

[Event "Match"]
[Site "www.echecsemail.com"]
[Date "2017.10.15"]
[Round "1"]
[White "Lcbunghai"]
[Black "Cal"]
[WhiteElo "1799"]
[BlackElo "1700"]
[Result "1-0"]
[Round "1"]
1.e4 e5
2.Ng1f3 d6
3.d4 Bc8g4
4.dxe5 a6
5.exd6 cxd6
6.Bf1e2 Nb8c6
7.O-O Ng8f6
8.Bc1g5 Bf8e7
9.Nb1c3 O-O
10.h3 Bg4h5
11.Bg5e3 b5
12.a3 Bh5xf3
13.Be2xf3 h6
14.Nc3d5 Nc6e5
15.b3 Ra8c8
16.a4 Ne5g6
17.axb5 axb5
18.Ra1a6 Nf6xd5
19.exd5 Qd8d7
20.Qd1d3 Ng6e5
21.Qd3e2 f5
22.Be3d4 Ne5xf3
23.Qe2xf3 Rc8xc2
24.Qf3g3 f4
25.Qg3xg7 { resign }
1-0

[Event "1/64 Finale"]
[Site "www.chess-mail.com"]
[Date "2017.10.15"]
[Round "1"]
[White "Gvladutz"]
[Black "Vega"]
[WhiteElo "2379"]
[BlackElo "2520"]
[Result "1-0"]
[Round "1"]
1.d4 Ng8f6
2.c4 g6
3.Nb1c3 Bf8g7
4.e4 d6
5.f3 O-O
6.Bc1e3 e5
7.d5 Nb8a6
8.g4 h5
9.g5 Nf6d7
10.Ng1h3 Nd7c5
11.Nh3f2 f5
12.gxf6 Qd8xf6
13.Bf1e2 Kh7
14.Qd1d2 Bc8d7
15.Ra1b1 Nc5a4
16.Nc3xa4 Bd7xa4
17.b4 Ba4d7
18.c5 dxc5
19.bxc5 Bd7c8
20.O-O b6
21.Be3g5 Qf6f7
22.Nf2d3 Rf8e8
23.f4 exf4
24.Rf1xf4 Qf7d7
25.Rb1f1 Qd7a4
26.e5 Qa4d7
27.Qd2c2 Na6xc5
28.Be2xh5 Qd7h3
29.Bh5xg6 Kxg6
30.Nd3xc5 Kxg5
31.Nc5e4 Kh6
32.Ne4f6 { resign }
1-0

[Event "1/64 Finale"]
[Site "www.chess-mail.com"]
[Date "2017.10.15"]
[Round "1"]
[White "Cjood"]
[Black "Tonino1"]
[WhiteElo "2000"]
[BlackElo "2170"]
[Result "0-1"]
[Round "1"]
1.e4 d6
2.d4 Ng8f6
3.f3 g6
4.Bc1e3 Bf8g7
5.Bf1d3 O-O
6.c3 c6
7.h3 Qd8c7
8.Nb1d2 e5
9.dxe5 dxe5
10.b4 Bc8e6
 { time }
0-1

[Event "1/128 Finale"]
[Site "www.chess-mail.com"]
[Date "2017.10.15"]
[Round "1"]
[White "Mitja"]
[Black "Apdash"]
[WhiteElo "1930"]
[BlackElo "2160"]
[Result "0-1"]
[Round "1"]
1.d4 d5
2.e3 Nb8c6
3.c3 Ng8f6
4.h3 e5
5.dxe5 Nc6xe5
6.Ng1f3 Bf8d6
7.Nf3xe5 Bd6xe5
8.Nb1d2 O-O
9.Nd2f3 Be5d6
10.Bf1d3 Rf8e8
11.O-O Bc8d7
12.Qd1c2 h6
13.Qc2b3 b6
14.Rf1e1 c5
15.Qb3c2 Qd8c8
16.b3 Nf6e4
17.Bc1b2 Re8e6
18.c4 Re6g6
19.Kf1 Bd7xh3
20.gxh3 Qc8xh3
21.Ke2 Ne4g3
22.Kd1 Ng3e4
23.Bd3xe4 dxe4
24.Qc2xe4 Ra8d8
25.Nf3d2 Rg6e6
26.Qe4d5 Bd6e7
27.Qd5h1 Qh3f5
28.Qh1g2 Re6g6
29.Qg2f1 Rg6d6
30.Re1e2 Be7f6
31.Bb2xf6 Qf5xf6
32.Ra1c1 Qf6b2
33.Qf1e1 Qb2xa2
34.f4 Qa2xb3
35.Rc1c2 Rd6d3
36.Kc1 Qb3a3
37.Kd1 Qa3a1
38.Rc2c1 Qa1a4
39.Rc1c2 Rd3c3
{ resign }
0-1

[Event "Tourn. n9512"]
[Site "www.chess-mail.com"]
[Date "2017.10.16"]
[Round "1"]
[White "Bigrezi"]
[Black "Cjood"]
[WhiteElo "2120"]
[BlackElo "2000"]
[Result "1-0"]
[Round "1"]
1.e4 d6
2.d4 e5
3.dxe5 Qd8e7
4.Nb1c3 Qe7xe5
5.Ng1f3 Qe5h5
6.Nc3d5 Kd8
7.Bf1e2 f5
8.Bc1g5 Bf8e7
9.Qd1d4 Qh5f7
10.Qd4c4 Nb8c6
11.Nd5xe7 Qf7xc4
12.Be2xc4 Ng8xe7
13.O-O-O fxe4
14.Nf3d2 Bc8f5
15.h3 h6
16.Bg5xe7 Nc6xe7
17.Rh1e1 d5
18.Nd2xe4 c6
19.Ne4d6 Rh8f8
20.Nd6xb7 Kd7
21.g4 Bf5g6
22.Nb7c5 Ke8
23.Bc4d3 Bg6xd3
24.Nc5xd3 Ra8b8
25.f4 Kd8
26.f5 g6
27.fxg6 Ne7xg6
28.Nd3c5 Ng6f4
29.Rd1d4 Nf4xh3
30.Re1h1 Rf8f3
31.Rd4d3 Rf3xd3
32.Nc5xd3  { time }
1-0

[Event "Tourn. n9576"]
[Site "www.chess-mail.com"]
[Date "2017.10.16"]
[Round "1"]
[White "Fantomas"]
[Black "Apdash"]
[WhiteElo "2170"]
[BlackElo "2230"]
[Result "0-1"]
[Round "1"]
1.f4 e5
2.d4 exd4
3.Qd1xd4 Ng8f6
4.Ng1f3 Bf8e7
5.Nb1c3 Nb8c6
6.Qd4d1 d5
7.e3 a6
8.Bc1d2 h6
9.a3 Bc8f5
10.Nf3d4 Nc6xd4
11.exd4 O-O
12.Bd2e3 b5
13.Bf1d3 Bf5g4
14.Qd1c1 b4
15.Nc3e2 Rf8e8
16.O-O bxa3
17.bxa3 Qd8c8
18.h3 Bg4xe2
19.Bd3xe2 c5
20.Rf1e1 Ra8a7
21.Kf1 Nf6e4
22.Be2f3 Be7h4
23.Re1d1 Ne4g3
24.Kg1 Ng3f5
25.Bf3g4 Qc8e6
26.Bg4xf5 Qe6xf5
27.Rd1d3 cxd4
28.Rd3xd4 Ra7e7
29.Be3d2 Bh4f6
{ resign }
0-1

[Event "Tourn. n9557"]
[Site "www.chess-mail.com"]
[Date "2017.10.16"]
[Round "1"]
[White "Fantomas"]
[Black "Tonino1"]
[WhiteElo "2210"]
[BlackElo "2210"]
[Result "1/2-1/2"]
[Round "1"]
1.e4 d6
2.Ng1f3 g6
3.c3 Bf8g7
4.d4 Ng8f6
5.Bf1d3 O-O
6.O-O c6
7.Bc1f4 Qd8b6
8.Qd1c2 h6
9.h3 Bc8e6
10.Nb1d2 a5
11.Nd2c4 Be6xc4
12.Bd3xc4 Nb8d7
13.e5 dxe5
14.Nf3xe5 Nd7xe5
15.Bf4xe5 e6
16.Bc4d3 Kh7
17.Be5f4 Nf6d5
18.Bf4d2 Ra8c8
19.a3 c5
20.dxc5 Qb6xc5
21.Ra1c1 Rc8c7
22.c4 Nd5e7
23.b4 axb4
24.axb4 Qc5d6
25.Rf1d1 Ne7d5
26.g3 Nd5xb4
27.Bd2xb4 Qd6xb4
28.Rc1b1 Qb4e7
29.Rb1b5 Rf8d8
30.Bd3f1 Rd8xd1
31.Qc2xd1 Qe7d7
32.Rb5b1 Bg7d4
33.Qd1f3 b6
34.Bf1d3 Qd7c6
35.Qf3xc6 Rc7xc6
36.Kg2 Bd4c5
37.Rb1d1 Rc6d6
38.Bd3e2 Rd6xd1
39.Be2xd1 e5
40.Bd1f3 f5
41.Bf3d5 Kg7
42.f3 Kf6
43.Bd5c6 g5
44.Bc6d5 h5
45.Bd5c6 f4
46.g4 h4
47.Kf1 Ke6
48.Ke2 Kd6
49.Bc6e4 Bc5d4
50.Kd3 Kc5
51.Be4a8 b5
52.cxb5 Kxb5
53.Ba8e4 Kb4
54.Ke2 Kc3
55.Be4f5 Bd4c5
56.Bf5e4 Kd4
57.Be4a8 Kc3
58.Ba8c6 Bc5d4
{ draw }
1/2-1/2

[Event "Tourn. n9471"]
[Site "www.chess-mail.com"]
[Date "2017.10.16"]
[Round "1"]
[White "Tartan"]
[Black "Numanoid"]
[WhiteElo "2440"]
[BlackElo "2420"]
[Result "1-0"]
[Round "1"]
1.e4 e6
2.d4 d5
3.Nb1c3 Ng8f6
4.Bc1g5 dxe4
5.Nc3xe4 Bf8e7
6.Bg5xf6 gxf6
7.Ng1f3 f5
8.Ne4c3 a6
9.Bf1e2 b5
10.Nf3e5 Bc8b7
11.O-O Nb8d7
12.Be2f3 Bb7xf3
13.Qd1xf3 Nd7xe5
14.dxe5 O-O
15.Ra1d1 Qd8e8
16.Nc3e2 c5
17.Ne2f4 Ra8d8
18.Nf4h5 Kh8
19.Qf3b7 { resign }
1-0

[Event "Tourn. n9514"]
[Site "www.chess-mail.com"]
[Date "2017.10.16"]
[Round "1"]
[White "Griffo30"]
[Black "Claymil"]
[WhiteElo "2100"]
[BlackElo "2060"]
[Result "1-0"]
[Round "1"]
1.d4 d5
2.c4 e6
3.Nb1c3 g6
4.Ng1f3 h6
5.cxd5 exd5
6.h3 Bf8g7
7.e3 a6
8.Bf1e2 Ng8e7
9.O-O O-O
10.Rf1e1 b5
11.a3 Bc8b7
12.Ra1b1 Nb8d7
13.b4 Rf8e8
14.Bc1b2 c6
15.Qd1c2 Ra8c8
16.Nf3d2 f5
17.Nd2b3 Kh7
18.Nb3c5 Nd7xc5
19.dxc5 Ne7g8
20.Be2d3 Ng8f6
21.Kh1 Nf6e4
22.Bd3xe4 dxe4
23.Nc3e2 Qd8e7
24.Bb2xg7 Qe7xg7
25.Rb1d1 Rc8d8
26.Ne2f4 Qg7f6
27.Rd1xd8 Re8xd8
28.Re1d1 Bb7c8
29.Nf4e2 Bc8e6
30.Rd1xd8 Qf6xd8
31.Ne2d4 Be6d5
32.a4 Qd8d7
33.axb5 axb5
34.Qc2d1 Qd7a7
35.Nd4xb5 Qa7a2
36.Nb5c3 Qa2b3
37.Qd1xb3 Bd5xb3
38.b5 cxb5
39.Nc3xb5 Bb3a4
40.Nb5a7 Ba4d7
41.c6 Bd7e6
42.c7 g5
43.c8Q Be6xc8
44.Na7xc8 Kg7
45.Nc8d6 Kf6
46.g4 fxg4
47.hxg4 Ke5
48.Nd6f7 { resign }
1-0

[Event "Tourn. n9545"]
[Site "www.chess-mail.com"]
[Date "2017.10.16"]
[Round "1"]
[White "Cjood"]
[Black "Bojan"]
[WhiteElo "2000"]
[BlackElo "2060"]
[Result "0-1"]
[Round "1"]
1.d4 d5
2.Bc1f4 Bc8f5
3.Nb1c3 c6
4.f3 Nb8d7
5.e4 dxe4
6.fxe4 Bf5g6
7.h3 h5
8.Bf1c4 Qd8a5
9.Qd1f3 Ng8f6
10.Bc4d3 e5
11.dxe5 Nd7xe5
12.Bf4xe5 Qa5xe5
13.O-O-O Bf8b4
14.Ng1e2 O-O-O
 { time }
0-1

[Event "Tourn. n9559"]
[Site "www.chess-mail.com"]
[Date "2017.10.16"]
[Round "1"]
[White "Apdash"]
[Black "Tonino1"]
[WhiteElo "2100"]
[BlackElo "2170"]
[Result "0-1"]
[Round "1"]
1.e4 d6
2.d4 Ng8f6
3.Nb1c3 g6
4.f4 Bf8g7
5.Bf1e2 O-O
6.e5 Nf6e8
7.Ng1f3 c6
8.O-O Qd8c7
9.Bc1e3 d5
10.Qd1d2 e6
11.Nc3d1 b6
12.a4 a5
13.c4 Bc8a6
14.b3 h5
15.Nf3g5 Bg7h6
16.h4 Ne8g7
17.g4 hxg4
18.cxd5 exd5
19.Rf1f2 Ba6xe2
20.Qd2xe2 Bh6xg5
21.hxg5 g3
22.Rf2g2 Ng7f5
23.Ra1a2 Nb8d7
24.Qe2g4 c5
25.Rg2xg3 cxd4
26.Be3xd4 Nf5xd4
27.Rg3c3 Nd7c5
28.Ra2h2 Rf8e8
29.Qg4h3 Kf8
30.Qh3h8 Ke7
31.Qh8f6 Kd7
32.Nd1e3 Nd4f3
33.Kg2 d4
34.Rh2h7 Nf3xg5
35.fxg5 Qc7c6
36.Qf6xc6 Kxc6
37.Rc3xc5 bxc5
38.Ne3c4 Re8e7
39.Kf2 Ra8a6
40.Kf3 Kd5
41.Kf4 Re7b7
42.Nc4d6 Ra6xd6
43.exd6 Kxd6
44.Ke4 Ke6
45.Rh7h3 f5
46.gxf6 Kxf6
47.Kd5 Rb7c7
48.Kc4 Ke5
49.Kb5 Rc7d7
50.Kxc5 d3
51.Rh3h1 d2
52.Rh1d1 Ke4
53.b4 axb4
54.a5 Ke3
55.Kc6 Ke2
56.Kxd7 Kxd1
57.a6 Kc1
58.a7 d1Q
59.Kc6 Qd1a4
60.Kb7 b3
61.a8Q Qa4xa8
62.Kxa8 b2
{ resign }
0-1

[Event "Tourn. n9533"]
[Site "www.chess-mail.com"]
[Date "2017.10.16"]
[Round "1"]
[White "Begory"]
[Black "Pachi"]
[WhiteElo "1809"]
[BlackElo "1640"]
[Result "0-1"]
[Round "1"]
1.d4 e6
2.Bc1f4 d6
3.Nb1c3 c6
4.e4 f6
5.e5 dxe5
6.dxe5 Nb8d7
7.exf6 gxf6
8.Qd1h5 Ke7
9.O-O-O f5
10.Bf4g5 Ng8f6
11.Bg5xf6 Kxf6
12.Qh5h4 Kf7
13.Qh4xd8 Bf8h6
14.Kb1 Rh8xd8
15.Ng1f3 Rd8g8
16.Bf1d3 Rg8xg2
17.Rd1d2 Bh6xd2
18.Nf3xd2 Rg2xf2
19.Nd2c4 Ke7
20.a3 Nd7b6
21.Nc4xb6 axb6
22.h4 h5
23.Rh1e1 f4
24.Nc3e4 Rf2h2
25.Ne4g5 Rh2xh4
26.Bd3f5 Kf6
27.Ng5f3 exf5
28.Nf3xh4 Ra8a4
29.Ka2 Bc8e6
30.Kb1 Be6d5
31.Re1g1 Ke5
32.Nh4g6 Ke4
33.Rg1e1 Kf3
34.Re1f1 Kg4
35.Ng6e7 Bd5e4
36.Ne7g6 f3
37.Kc1 Kg3
38.Kd2 h4
39.c3 h3
40.Ng6e5 Kg2
{ resign }
0-1

[Event "Tourn. n9487"]
[Site "www.chess-mail.com"]
[Date "2017.10.16"]
[Round "1"]
[White "Sorim"]
[Black "Claymil"]
[WhiteElo "2020"]
[BlackElo "2080"]
[Result "1-0"]
[Round "1"]
1.d4 d5
2.Ng1f3 h6
3.e3 e6
4.c4 b6
5.Nb1c3 Ng8e7
6.Bf1d3 dxc4
7.Bd3xc4 Bc8b7
8.O-O g6
9.Bc1d2 Bf8g7
10.Ra1c1 O-O
11.a3 Nb8d7
12.b4 Ra8c8
13.Bc4d3 a6
14.Qd1b3 Bb7xf3
15.gxf3 b5
16.Nc3e4 e5
17.Ne4c5 Nd7xc5
18.dxc5 Kh7
19.h4 f5
20.h5 g5
21.f4 e4
22.Bd3b1 Qd8xd2
23.Qb3e6 Rf8e8
24.Rf1d1 Qd2e2
25.Rd1d7 Qe2xh5
26.Rd7xe7 Qh5g4
27.Kf1 Qg4h3
28.Ke1 Qh3h1
29.Kd2 Re8d8
30.Kc2 Qh1h5
31.Qe6xf5 Qh5g6
32.Qf5xe4 Rd8e8
33.f5 Qg6h5
34.f6 Kh8
35.fxg7 Kg8
36.Bb1a2 { resign }
1-0

[Event "Tourn. n9538"]
[Site "www.chess-mail.com"]
[Date "2017.10.16"]
[Round "1"]
[White "Churrasca"]
[Black "Caspito"]
[WhiteElo "1980"]
[BlackElo "1870"]
[Result "1-0"]
[Round "1"]
1.e4 e5
2.Ng1f3 Nb8c6
3.Bf1b5 a6
4.Bb5a4 b5
5.Ba4b3 Bc8b7
6.c3 Ng8h6
7.O-O g6
8.d4 exd4
9.cxd4 d6
10.Bc1g5 f6
11.Bg5xh6 Bf8xh6
12.Nb1c3 Nc6a5
13.Bb3e6 Na5c6
14.d5 Nc6e5
15.Nf3xe5 fxe5
16.Qd1f3 Rh8f8
17.Qf3g4 Bb7c8
18.Be6xc8 Ra8xc8
19.Qg4h3 Qd8g5
20.Qh3xc8 { resign }
1-0

[Event "Match"]
[Site "www.echecsemail.com"]
[Date "2017.10.16"]
[Round "1"]
[White "Et1"]
[Black "Chapi"]
[WhiteElo "1809"]
[BlackElo "2160"]
[Result "0-1"]
[Round "1"]
1.d4 d5
2.Nb1c3 Ng8f6
3.Bc1f4 c5
4.dxc5 Nb8c6
5.Ng1f3 e6
6.e3 Bf8xc5
7.a3 O-O
8.Bf1d3 Rf8e8
9.Nc3b5 e5
10.Bf4g5 e4
11.Bd3xe4 dxe4
12.Nf3d2 Bc5e7
13.Bg5f4 Qd8b6
14.Nb5c7 Bc8g4
15.Qd1c1 Ra8d8
16.Nc7xe8 Rd8xe8
17.Nd2c4 Qb6a6
18.Nc4d2 Qa6e2
{ resign }
0-1

[Event "Match"]
[Site "www.echecsemail.com"]
[Date "2017.10.16"]
[Round "1"]
[White "Cjood"]
[Black "Bojan"]
[WhiteElo "2010"]
[BlackElo "2000"]
[Result "0-1"]
[Round "1"]
1.b3 h5
2.Bc1b2 h4
3.e4 d6
4.Qd1e2 e5
5.d4 Nb8c6
6.dxe5 Nc6xe5
7.Bb2xe5 dxe5
8.Qe2b5 Qd8d7
9.Qb5xe5 Ng8e7
10.Bf1b5 c6
11.Bb5c4 f6
12.Qe5b2 Qd7g4
13.Bc4f1 Qg4xe4
14.Ng1e2 Ne7d5
15.f3 Qe4e3
16.Qb2d4 Qe3e6
17.Nb1c3 Bf8b4
18.O-O-O Bb4a3
19.Kb1 Rh8h5
20.g4 hxg3
21.Ne2xg3 Rh5e5
22.Bf1c4 Nd5xc3
23.Qd4xc3 Qe6e7
24.Rd1d3 Bc8h3
 { time }
0-1

[Event "Match"]
[Site "www.echecsemail.com"]
[Date "2017.10.16"]
[Round "1"]
[White "Aiko1603"]
[Black "Apdash"]
[WhiteElo "1980"]
[BlackElo "1920"]
[Result "1-0"]
[Round "1"]
1.c4 Ng8f6
2.Nb1c3 d5
3.cxd5 Nf6xd5
4.g3 e6
5.Bf1g2 h5
6.Ng1f3 Bf8e7
7.O-O h4
8.d4 hxg3
9.fxg3 Nb8d7
10.Nc3xd5 exd5
11.Bc1f4 Nd7f6
12.Qd1d3 Be7d6
13.Bf4g5 Bc8e6
14.Qd3b5 Be6d7
15.Qb5xb7 Ra8b8
16.Qb7xa7 Rb8xb2
17.Bg5xf6 Qd8xf6
18.Qa7a8 Qf6d8
19.Qa8xd5 Rb2xe2
20.Nf3g5 Bd7e6
21.Ng5xe6 Re2xe6
22.Ra1e1 Rh8h6
23.Qd5b5 Kf8
24.Re1xe6 Rh6xe6
25.Bg2d5 Re6f6
26.a4 Rf6xf1
27.Qb5xf1 Qd8e8
28.a5 f6
29.a6 Qe8a4
30.Qf1d3 c6
31.Bd5b3 Qa4a1
32.Kg2 g5
33.Kh3 Qa1a3
34.Qd3c4 Ke8
35.Qc4xc6 Ke7
36.Qc6b7 Kd8
37.a7 g4
38.Kxg4 f5
39.Kxf5 Qa3a5
40.Bb3d5 Qa5xd5
41.Qb7xd5 { resign }
1-0

[Event "1/8 Finale"]
[Site "www.chess-mail.com"]
[Date "2017.10.16"]
[Round "1"]
[White "George1955"]
[Black "Nimzo"]
[WhiteElo "2740"]
[BlackElo "2700"]
[Result "0-1"]
[Round "1"]
1.e4 e5
2.Ng1f3 Nb8c6
3.Bf1b5 a6
4.Bb5a4 Ng8f6
5.O-O Bf8e7
6.Rf1e1 b5
7.Ba4b3 O-O
8.a4 b4
9.d3 d6
10.a5 Bc8e6
11.Nb1d2 Be6xb3
12.Nd2xb3 Rf8e8
13.h3 Qd8b8
14.c4 Qb8b7
15.Bc1e3 Nf6d7
16.Qd1c2 Nd7c5
17.Be3xc5 dxc5
18.Qc2e2 g6
19.Qe2e3 Qb7c8
20.Ra1d1 Nc6d4
21.Nb3xd4 cxd4
22.Qe3d2 Qc8e6
23.b3 Kg7
24.Nf3h2 c5
25.Rd1b1 Re8h8
26.Nh2f3 Ra8g8
27.Kh2 Qe6f6
28.Qd2e2 Kf8
29.h4 Be7d8
30.Rb1a1 g5
31.hxg5 Qf6g7
32.Re1h1 h6
33.g6 fxg6
34.Nf3d2 h5
35.Qe2f3 Ke7
36.Qf3e2 Rg8f8
37.Kg1 Kd6
38.Nd2f1 Kc6
39.Qe2d2 Bd8f6
40.Rh1h3 Qg7e7
41.Rh3f3 Rf8g8
42.Qd2e2 Bf6g5
43.Ra1a2 Qe7e6
44.Rf3h3 Bg5f4
45.Ra2a1 Kb7
46.Rh3h1 h4
47.g3 Bf4g5
48.Kg2 Bg5d8
49.gxh4 Bd8xh4
50.Nf1h2 Rh8h5
51.Nh2f1 Rg8h8
52.Qe2f3 Rh5h7
53.Nf1g3 Rh7f7
54.Qf3e2 Rf7f4
55.Rh1h3 Qe6f6
56.Ra1f1 Rh8f8
57.f3 Bh4xg3
58.Rh3xg3 Rf4h4
59.Qe2d2 Qf6h8
60.Qd2g5 Rh4h2
61.Kg1 Rf8f6
62.Rg3g2 Rh2h3
63.Qg5g4 Kc7
64.Qg4g5 Kd7
65.Qg5g4 Kd6
66.Rg2g3 Rh3h4
67.Qg4g5 Rh4h5
68.Qg5c1 g5
69.Kf2 Rh5h2
70.Ke1 Rf6f4
71.Rf1g1 g4
72.Kd1 Rh2a2
73.Qc1b1 Ra2f2
74.Rg1e1 Qh8h6
75.Qb1c1 Qh6h2
76.Rg3xg4 Rf4xg4
77.fxg4 Rf2a2
{ resign }
0-1

[Event "1/128 Finale"]
[Site "www.chess-mail.com"]
[Date "2017.10.16"]
[Round "1"]
[White "Ranjachess"]
[Black "Attatroll"]
[WhiteElo "1870"]
[BlackElo "1970"]
[Result "1/2-1/2"]
[Round "1"]
1.e4 d6
2.d4 Ng8f6
3.Bf1d3 g6
4.Ng1f3 Bf8g7
5.h3 O-O
6.b3 c6
7.Bc1b2 Nb8d7
8.Qd1e2 e5
9.a4 Nd7b6
10.a5 Nb6d7
11.Bd3c4 b5
12.axb6 Nd7xb6
13.dxe5 dxe5
14.Nf3g5 Nb6xc4
15.Qe2xc4 Qd8b6
16.Bb2xe5 a5
17.b4 Bc8a6
18.Qc4c5 Qb6xb4
19.Qc5xb4 axb4
20.Be5d6 Rf8d8
21.e5 Nf6d5
22.g3 Ba6c4
23.Ra1xa8 Rd8xa8
24.f4 Nd5e3
25.Kd2 Ne3d5
26.Rh1e1 Ra8a2
27.Re1c1 b3
28.Nb1c3 Ra2b2
29.Nc3xd5 cxd5
30.Kc3 Rb2xc2
31.Rc1xc2 bxc2
32.Kxc2 f6
33.Ng5e6 fxe5
34.Ne6xg7 Kxg7
35.fxe5 Kf7
{ draw }
1/2-1/2

[Event "Fast Game"]
[Site "www.echecsemail.com"]
[Date "2017.10.16"]
[Round "1"]
[White "Tonino1"]
[Black "Esperanza"]
[WhiteElo "1830"]
[BlackElo "1909"]
[Result "1/2-1/2"]
[Round "1"]
1.d4 d5
2.f4 f5
3.e3 e6
4.Bf1d3 Bf8d6
5.Ng1f3 Ng8f6
6.Nb1d2 Nb8d7
7.O-O O-O
8.Qd1e2 Qd8e7
9.c3 c6
10.Nf3e5 Nf6e4
11.Nd2xe4 fxe4
12.Bd3c2 Nd7f6
13.Bc1d2 Bc8d7
14.Ne5xd7 Nf6xd7
15.Bd2e1 g5
16.Qe2g4 Rf8f5
17.h4 h6
18.hxg5 hxg5
19.Be1h4 Nd7f6
20.Qg4g3 Nf6h5
21.Qg3g4 Nh5f6
22.Qg4g3 Nf6h5
{ draw }
1/2-1/2

[Event "Tourn. n9577"]
[Site "www.chess-mail.com"]
[Date "2017.10.17"]
[Round "1"]
[White "Caspito"]
[Black "Et1"]
[WhiteElo "1920"]
[BlackElo "1809"]
[Result "1-0"]
[Round "1"]
1.e4 e5
2.Ng1f3 Ng8f6
3.Nf3xe5 Nf6xe4
4.Qd1e2 Qd8e7
5.Qe2xe4 d6
6.d4 f6
7.Bf1b5 Kd8
8.O-O dxe5
9.dxe5 fxe5
10.Rf1d1 Nb8d7
11.Bb5xd7 Bc8xd7
12.Qe4xb7 Ra8c8
13.Nb1c3 h5
14.Nc3e4 Qe7e6
15.Bc1e3 Rh8g8
16.Be3c5 Qe6f5
17.Rd1d3 g5
18.Ra1d1 Rg8g7
19.Rd3f3 Qf5xf3
20.gxf3 Bf8xc5
21.Ne4xc5 g4
22.Nc5e6 { resign }
1-0

[Event "Tourn. n9558"]
[Site "www.chess-mail.com"]
[Date "2017.10.17"]
[Round "1"]
[White "Pachi"]
[Black "Cal"]
[WhiteElo "1620"]
[BlackElo "1730"]
[Result "0-1"]
[Round "1"]
1.e4 e5
2.Ng1f3 d6
3.d4 exd4
4.Qd1xd4 Nb8c6
5.Qd4e3 h6
6.Bf1b5 Bc8d7
7.Bb5xc6 Bd7xc6
8.Nb1c3 Ng8f6
9.Nf3d4 Bc6d7
10.Nd4b5 Bf8e7
11.Nb5xa7 c5
12.Nc3b5 Qd8b6
13.e5 Nf6d5
14.Qe3g3 Bd7xb5
15.Qg3xg7 Kd7
16.Qg7xf7 Ra8xa7
17.Qf7xd5 Bb5c6
18.e6 Kc7
19.b3 Bc6xd5
20.c4 Bd5xe6
21.O-O Be7f6
22.Ra1b1 Ra7xa2
23.g3 Be6h3
24.Rf1e1 Bh3f5
{ resign }
0-1

[Event "Tourn. n9546"]
[Site "www.chess-mail.com"]
[Date "2017.10.17"]
[Round "1"]
[White "Libiesse"]
[Black "Luban"]
[WhiteElo "1810"]
[BlackElo "2060"]
[Result "1/2-1/2"]
[Round "1"]
1.d4 d5
2.c4 dxc4
3.e3 e6
4.Bf1xc4 Ng8f6
5.Ng1f3 c5
6.O-O a6
7.dxc5 Qd8xd1
8.Rf1xd1 Bf8xc5
9.Nb1c3 b5
10.Bc4e2 Bc8b7
11.a3 Nb8c6
12.b4 Bc5e7
13.Bc1b2 O-O
14.Rd1d2 Rf8d8
15.Ra1d1 h6
16.Nf3e1 Rd8xd2
17.Rd1xd2 Ra8d8
18.Rd2xd8 { draw }
1/2-1/2

[Event "Tourn. n9565"]
[Site "www.chess-mail.com"]
[Date "2017.10.17"]
[Round "1"]
[White "Tonino1"]
[Black "Apdash"]
[WhiteElo "2230"]
[BlackElo "2180"]
[Result "1/2-1/2"]
[Round "1"]
1.d4 d5
2.f4 Ng8f6
3.e3 g6
4.Bf1d3 Bf8g7
5.Ng1f3 c6
6.Nb1d2 Bc8f5
7.Bd3xf5 gxf5
8.O-O Nf6e4
9.Nf3e5 Nb8d7
10.Qd1h5 Nd7xe5
11.fxe5 e6
12.Nd2xe4 dxe4
13.g4 Qd8e7
14.gxf5 exf5
15.Qh5xf5 Rh8f8
16.Bc1d2 f6
17.Qf5xh7 O-O-O
18.Qh7xe4 fxe5
19.Bd2c3 Qe7g5
20.Kh1 exd4
21.Rf1xf8 Bg7xf8
22.Bc3xd4 c5
23.Ra1g1 Qg5h5
24.Bd4f6 Bf8d6
25.Qe4g4 Qh5xg4
26.Rg1xg4 Rd8f8
27.Bf6c3 Rf8f2
28.Rg4g2 Rf2f1
29.Rg2g1 Rf1f2
30.Rg1g8 Kc7
31.Rg8h8 Rf2xc2
32.Rh8h3 Rc2e2
33.Kg1 b5
34.Rh3h7 Kb6
35.Rh7h6 Kc7
{ draw }
1/2-1/2

[Event "Tourn. n9530"]
[Site "www.chess-mail.com"]
[Date "2017.10.17"]
[Round "1"]
[White "Begory"]
[Black "Azulmarino"]
[WhiteElo "1409"]
[BlackElo "1520"]
[Result "1-0"]
[Round "1"]
1.d4 d5
2.Bc1f4 Nb8c6
3.Nb1c3 Ng8f6
4.Nc3b5 Ra8b8
5.Bf4xc7 Qd8d7
6.Bc7xb8 Nc6xb8
7.e3 a6
8.Nb5c3 Nb8c6
9.Bf1d3 Qd7d6
10.Ng1f3 Qd6b4
11.Ra1b1 Bc8g4
12.O-O e6
13.a3 Qb4d6
14.e4 dxe4
15.Bd3xe4 Nc6xd4
16.h3 Nd4xf3
17.Be4xf3 h5
18.Bf3xg4 hxg4
19.g3 Rh8xh3
20.Qd1xd6 Bf8xd6
21.Rf1e1 Bd6c5
22.b4 Rh3xg3
23.Kh2 Rg3h3
24.Kg2 Nf6h5
25.bxc5 Nh5f4
26.Kf1 Rh3f3
27.Rb1xb7 g3
28.Nc3e4 g2
29.Kg1 Rf3xa3
30.Ne4d6 Kf8
31.Rb7xf7 Kg8
32.Rf7xf4 Ra3c3
33.Rf4c4 Rc3h3
34.Kxg2 Rh3h6
35.c6 Rh6h8
36.Re1xe6 { resign }
1-0